[Event "NED-ch U14"]
[Site "Almelo"]
[Date "2022.05.05"]
[Round "7"]
[White "Agarwal, Pranav"]
[Black "Dekker, Thiemen"]
[Result "1/2-1/2"]
[WhiteElo "1531"]
[BlackElo "1935"]
[PlyCount "87"]
[EventDate "2022.05.01"]
[EventType "swiss"]
[EventRounds "9"]
[EventCountry "NED"]
[SourceTitle "EXT 2023"]
[Source "ChessBase"]
[SourceDate "2022.10.05"]
[SourceVersion "1"]
[SourceVersionDate "2022.10.05"]
[SourceQuality "1"]

1. Nf3 Nf6 2. d4 d5 3. c4 e6 4. Nc3 a6 5. Bf4 dxc4 6. e4 b5 7. e5 Nd5 8. Nxd5 Qxd5 9. Be2 Bb7 10. 0-0 Nc6 11. b3 cxb3 12. axb3 Ne7 13. Ne1 Qd7 14. Bf3 Nd5 15. Rc1 Be7 16. Nd3 b4 17. Bd2 a5 18. Nc5 Bxc5 19. Rxc5 c6 20. Bxd5 exd5 21. f4 Qf5 22. Be3 h5 23. Qa1 Qd3 24. Rf3 g6 25. h3 a4 26. Bf2 Qa6 27. bxa4 Qxa4 28. Qxa4 Rxa4 29. Rb3 Kd7 30. Be1 Ba6 31. Rxb4 Rxb4 32. Bxb4 Bb5 33. Rc2 Ra8 34. Bc3 Ra3 35. Bb4 Ra4 36. Bc5 Ke6 37. Kf2 Kf5 38. Rc3 Ra1 39. Rf3 Rf1+ 40. Kg3 h4+ 41. Kxh4 Rxf3 42. gxf3 Kxf4 43. Bd6 Kf5 44. f4 1/2-1/2

[Event "NED-ch U14"]
[Site "Almelo"]
[Date "2022.05.03"]
[Round "4"]
[White "Krylov, Philippe"]
[Black "Agarwal, Pranav"]
[Result "0-1"]
[WhiteElo "1817"]
[BlackElo "1531"]
[PlyCount "114"]
[EventDate "2022.05.01"]
[EventType "swiss"]
[EventRounds "9"]
[EventCountry "NED"]
[SourceTitle "EXT 2023"]
[Source "ChessBase"]
[SourceDate "2022.10.05"]
[SourceVersion "1"]
[SourceVersionDate "2022.10.05"]
[SourceQuality "1"]

1. d4 c5 2. d5 e6 3. c4 exd5 4. cxd5 Nf6 5. Nc3 d6 6. Nf3 Bf5 7. Nd2 Be7 8. e4 Bg6 9. f3 Nh5 10. Bb5+ Nd7 11. 0-0 f5 12. exf5 Bf7 13. Qa4 Nhf6 14. Bxd7+ Qxd7 15. Qxd7+ Kxd7 16. Nde4 Nxd5 17. Nxd5 Bxd5 18. Rd1 Kc6 19. Nc3 Bf7 20. Bf4 Rhd8 21. Ne4 h6 22. f6 gxf6 23. Bxh6 d5 24. Ng3 Bg6 25. Re1 Re8 26. Re6+ Kd7 27. Rae1 c4 28. Kh1 Bb4 29. Rxe8 Rxe8 30. Rxe8 Kxe8 31. Be3 b6 32. Bd4 Ke7 33. Bc3 Bxc3 34. bxc3 Bd3 35. Kg1 Kd6 36. Kf2 Kc5 37. Ke3 b5 38. a3 a5 39. f4 d4+ 40. cxd4+ Kd5 41. Nh5 b4 42. Nxf6+ Ke6 43. axb4 a4 44. Ne8 a3 45. Nc7+ Kd7 46. Na6 a2 47. Nc5+ Kc6 48. Nxd3 cxd3 49. Kxd3 a1Q 50. g4 Qd1+ 51. Ke4 Qxg4 52. Ke5 Qe2+ 53. Kf6 Qxh2 54. f5 Qd6+ 55. Kf7 Qd5+ 56. Kg6 Kd7 57. f6 Ke6 0-1